| 000 | 00703cam a22002413a 4500 | ||
|---|---|---|---|
| 001 | 1741 | ||
| 003 | PGUSA | ||
| 005 | 20140828083005.0 | ||
| 008 | 990501s1999||||xxu|||||s|||||000 1 eng d | ||
| 040 |
_aPGUSA _beng |
||
| 042 | _adc | ||
| 050 | 4 | _aPS | |
| 100 | 1 |
_aPackard, Frank L. _q(Frank Lucius), _d1877-1942 |
|
| 245 | 1 | 4 |
_aThe White Moll _h[electronic resource] / _cFrank L. Packard |
| 260 |
_bProject Gutenberg, _c1999 |
||
| 506 | _aPublic domain in the USA. | ||
| 516 | _aElectronic text | ||
| 653 | _aGangsters -- New York (State) -- New York -- Fiction | ||
| 653 | _aMystery fiction | ||
| 830 | 0 |
_aProject Gutenberg _v1741 |
|
| 856 | 4 | 0 | _uhttp://www.gutenberg.org/ebooks/1741 |
| 942 | _cEB | ||
| 999 |
_c231087 _d231087 |
||